Statistics for Maya Hawke - Hiatus (Lyrics)

Click here to take the quiz!

General Stats

  • This quiz has been taken 11 times
  • The average score is 162 of 228

Answer Stats

Answer% Correct
a
100%
an
100%
and
100%
he
100%
I
100%
"I
100%
in
100%
like
100%
to
100%
you
100%
do?"
88%
have
88%
hear
88%
know
88%
love
88%
"Me
88%
me,
88%
me
88%
me?
88%
my
88%
of
88%
say,
88%
she
88%
She
88%
too"
88%
we
88%
when
88%
your
88%
Your
88%
body
75%
demeanor
75%
heart
75%
little
75%
needy
75%
on
75%
stone
75%
the
75%
The
75%
wanna
75%
want
75%
"What
75%
actor
63%
All
63%
all
63%
anyway
63%
big
63%
bleed
63%
But
63%
but
63%
candle
63%
carabiner
63%
clothes,
63%
co-star
63%
Does
63%
does
63%
free
63%
glitter
63%
go
63%
head,
63%
him
63%
hobbies
63%
hold
63%
key
63%
kissed
63%
own
63%
really
63%
rehearsal
63%
taut
63%
that
63%
want's
63%
was
63%
weird
63%
Who
63%
days
50%
dressed
50%
get
50%
gym
50%
hardly
50%
heavy,
50%
home
50%
"I'm
50%
off
50%
routine,
50%
self-obsessed,
50%
Shepard,"
50%
should
50%
talk,
50%
tomorrow,"
50%
waitress
50%
way
50%
With
50%
about
38%
affected
38%
applause
38%
cares
38%
cheat
38%
complacent
38%
conversation
38%
dream
38%
fine
38%
forgive
38%
he'll
38%
I'll
38%
impatient
38%
it
38%
late-shift
38%
Let's
38%
loves
38%
make
38%
Maybe
38%
mean
38%
now
38%
pillow
38%
pour
38%
puppy,
38%
scream
38%
seek
38%
soft
38%
sounds
38%
sunscreen
38%
Take
38%
teen
38%
threads
38%
vacation,
38%
validation
38%
walk,
38%
witty
38%
you're
38%
Baton
25%
'Cause
25%
hiatus
25%
indiculous
25%
Inn
25%
Rouge
25%
Wilhelm
25%

Score Distribution

Percentile by Number Answered

Percent of People with Each Score

Your Score History

You have not taken this quiz